Language Quiz

Random Language or Spanish Quiz

Which Diacritical Mark? Quiz Stats

 Plays Quiz Updated Nov 11, 2016

Support Sporcle.
Go Orange.
Score 0/20 Timer 05:00
0 Plays Today
Question Answer Wrong Answers
jalapeño
84.2%
jalapenò
2%
jalapeñò
2.7%
jalàpeño
11%
cliché
82.5%
clichè
10%
clīche
0.6%
clīché
2.2%
señor
80.8%
senõr
10.1%
seńor
1.6%
sèñor
2.2%
naïve
79.2%
naīve
3.9%
naïvè
4.9%
naivé
9.7%
entrée
76.7%
entrèe
13.6%
entrèé
1.5%
entrëe
1.7%
Beyoncé
73.9%
Beyoncè
7.2%
Béyoncè
3.5%
Bèyonce
4.6%
piña colada
70.9%
pińa colàda
3.5%
piña colãda
9.2%
pińa cõlada
4.7%
château
70.9%
chàteau
5.5%
chåteaû
2.6%
chateaû
12.6%
Pokémon
68.7%
Pokêmon
4.8%
Pokèmon
20%
Pokėmon
2.7%
papier-mâché
64.8%
papier-machè
14%
papier-màchê
8.6%
papier-māchê
3.4%
crêpe
64.3%
crēpe
2.2%
crępe
2.2%
crèpe
25.5%
crème brûlée
57.1%
créme bruleè
37.5%
creme brūlèe
2.6%
cremē brúleë
1.8%
éclair
54.9%
èclaír
8%
eclaîr
17.1%
eclàir
8.9%
à la mode
54.8%
á la modè
16.1%
à la mòde
14.8%
á la mòdé
4%
débâcle
54.7%
dêbàcle
17.2%
debáclê
17.2%
dëbaclè
3.4%
déjà vu
51.6%
dèja vù
13.2%
dejà vú
15.2%
deja vù
9.4%
macramé
51.3%
macrámé
9.9%
macrämè
5.9%
macrâme
21.4%
doppelgänger
51%
doppëlgànger
10%
doppèlganger
2.9%
döppelgānger
26.3%
tête-à-tête
49.1%
tète-a-tète
13.5%
tété-a-tété
6.2%
tete-â-tete
19.2%
voilà
33.8%
voilá
41.6%
vòilà
5.8%
vòilá
10.9%

You're not logged in!

Compare scores with friends on all Sporcle quizzes.
OR
Log In

From the Vault

Philosopher Biographies

by kps7179

We just Kant recall anything about philosophy.
Remove Ads.
Support Sporcle.
Get the best of Sporcle when you Go Orange. This ad-free experience offers more features, more stats, and more fun while also helping to support Sporcle. Thank you for becoming a member.

Show Comments

Extras

Top Quizzes Today


Score Distribution

Your Account Isn't Verified!

In order to create a playlist on Sporcle, you need to verify the email address you used during registration. Go to your Sporcle Settings to finish the process.

Report this User

Report this user for behavior that violates our Community Guidelines.

Details: